000 00384nam a22001697a 4500
003 MPLRDC
005 20220104113739.0
008 210129b ||||| |||| 00| 0 eng d
082 _a857.7 YQ v.35
100 _a严沁
245 _a回首夕阳
_c
250 _a再版
260 _a
_b环球出版社
_c1986
300 _b
650 _a长篇小说
942 _cBK
_o857.7 YQ v.35
999 _c2035
_d2025